Water power engineering / (Record no. 9141)

MARC details
000 -LEADER
fixed length control field 00506nam a2200157 a 4500
020 ## - INTERNATIONAL STANDARD BOOK NUMBER
ISBN 0706923626 (paperback)
020 ## - INTERNATIONAL STANDARD BOOK NUMBER
ISBN 9780706923629 (paperback)
100 1# - MAIN ENTRY--AUTHOR NAME
Personal name Dandekar, M. M.
245 10 - TITLE STATEMENT
Title Water power engineering /
260 ## - PUBLICATION, DISTRIBUTION, ETC. (IMPRINT)
Place of publication [S.l.] :
Name of publisher Advent Books,
Year of publication 1990.
300 ## - PHYSICAL DESCRIPTION
Number of Pages 1 v. (unpaged)
856 40 - ELECTRONIC LOCATION AND ACCESS
Uniform Resource Identifier http://www.amazon.com/exec/obidos/ASIN/0706923626/chopaconline-20
Holdings
Withdrawn status Lost status Home library Current library Date acquired Full call number Accession Number Koha item type
    Central Library, QUEST, Nawabshah Reference Section 26/08/2014 DAN 19677 Books